| 000 | 00564nam a2200121Ia 4500 | ||
|---|---|---|---|
| 008 | 220615s9999||||xx |||||||||||||| ||und|| | ||
| 100 | _aAzis, Iwan J.||Shin, Hyun Song | ||
| 245 | 0 | _aManaging Elevated Risk: Global Liquidity, Capital Flows, and Macroprudential Policy - An Asian Perspective | |
| 546 | _aEnglish[eng] | ||
| 650 | _aFinance/Investment/Banking||Economic Policy||Development Economics | ||
| 856 | _uhttps://library.oapen.org/bitstream/20.500.12657/28035/1/1001961.pdf||https://library.oapen.org/bitstream/20.500.12657/28035/1/1001961.pdf | ||
| 942 | _cEB | ||
| 999 |
_c18485 _d18485 |
||